000
00202 a2200097 4500
001
62881
090
_c
37238
_d
37238
100
_a
Qudsia, Bano
245
_a
Aadhi Baat:Dramay
260
_b
Sang-e-Meel Publications
942
_a
NUST-CAE
999
_c
297954
_d
297954